Do you know rowing? - Statistics

General Stats
  • This quiz has been taken 412 times
    293 since last reset
  • The average score is 36 of 51
Answer Stats
Hint Answer % Correct
The tchnical name for a rowing machine Erg
98%
Standard distance for a spring race 2k
93%
Front of the boat Bow
89%
Boat with 2 people and 4 oars Double
89%
Standard distance for a fall race 5k
88%
Boat with 1 person Single
88%
Name for rowing races Regatta
87%
Boat with 4 people and 4 oars Four
86%
Boat with 4 people and 8 oars (no coxswain) Quad
86%
Season when are rowing machines used most Winter
86%
When an oar gets stuck in the water Crab
85%
When a rower has 2 oars Sculling
85%
Rear of the boat Stern
85%
The person at the very rear of the boat setting the pace Stroke
85%
Boat with 8 people and 8 oars Eight
84%
The biggest season for most teams Spring
83%
Boat with 2 people and 2 oars Pair
82%
The 2 rowers at the front of the boat Bow pair
81%
A boat containing all rowers under 160/130 lbs Lightweight
81%
Name of the metal bit that sticks out and holds the oars Rigger
81%
When a rower has 1 oar Sweeping
81%
Standard distance for a summer race 1k
80%
Person who sits at the back of the boat and yells Coxswain
79%
A boat containing all rowers over 160/130 lbs Heavyweight
79%
Left side of the boat (Red) Port
79%
The 2 rowers at the rear of the boat Stern pair
79%
The speed at which you are taking strokes Stroke rate
79%
Right side of boat (Green) Starboard
78%
Sphere on the front of the boat Bow Ball
77%
Part of the stroke where the oar goes into the water Catch
77%
The thing that the person at the rear of the boat talks into Cox Box
74%
Power part of the stroke Drive
74%
The non-power part of the stroke Recovery
74%
When the oar is parallel to the water Feathered
70%
Boat with a motor that coaches and officials use Launch
70%
Very short race, also used to refer to the last 250m of a race Sprint
69%
Race where boats are sent individually Head Race
65%
The end of an oar Blade
64%
Where the boats are held Boathouse
60%
When an oar gets stuck in the water, pulling the rower out of the boat Ejector crab
57%
Technical name for the hull of the boat Shell
57%
A group of boats in a race, boats will be split into these if there are enough boats in one event Heat
56%
Number on the front of the boat to tell officials which boat it is Bow Number
52%
Lip on the edge of the boat Gunwale
44%
Small fin at the rear of the boat that includes the rudder Skeg
36%
Straps the boats go in Sling
33%
Boat with 4 people and 4 oars (no coxswain) Straight 4
32%
Where the feet go Foot stretcher
31%
The part of an oar that you hold Shaft
17%
Race where boats are sent all at the same time side-by-side
13%
When the oar is perpendicular to the water Checked
11%
No matching quizzes found
Score Distribution
Percent of People with Each Score
Percentile by Number Answered
Your Score History
You have not taken this quiz since the last reset